[Event "Chigorin Memorial"]
[Site "St Petersburg"]
[Date "2015.10.04"]
[Round "2.123"]
[White "Zolotyh, Lev"]
[Black "Savinov, Leonid"]
[Result "0-1"]
[WhiteElo "1906"]
[BlackElo "2110"]
[PlyCount "50"]
[EventDate "2015.10.03"]
[EventRounds "9"]
[EventCountry "RUS"]

1. e4 c6 2. d4 d5 3. exd5 cxd5 4. Bd3 Nc6 5. c3 e5 6. dxe5 Nxe5 7. Bb5+ Nc6 8.
Nf3 a6 9. Ba4 Bc5 10. O-O Nge7 11. Bf4 O-O 12. h3 Ng6 13. Bg3 Be6 14. Nbd2 Ba7
15. Bb3 Qf6 16. Re1 Rad8 17. h4 Bg4 18. Qb1 Nf4 19. Bc2 g6 20. h5 Nxh5 21. Bh4
Qf4 22. Bxd8 Rxd8 23. Bd1 Qg3 24. Nd4 Nxd4 25. cxd4 Bxd4 0-1

[Event "Chigorin Memorial"]
[Site "St Petersburg"]
[Date "2015.10.04"]
[Round "2.124"]
[White "Eryshkanova, Anastasiya"]
[Black "Scheglov, Dmitry"]
[Result "1-0"]
[WhiteElo "2108"]
[BlackElo "1910"]
[PlyCount "173"]
[EventDate "2015.10.03"]
[EventRounds "9"]
[EventCountry "RUS"]

1. Nf3 Nf6 2. c4 e6 3. e3 c5 4. Qc2 b6 5. b3 Bb7 6. Bb2 d6 7. Be2 Nbd7 8. Nc3
a6 9. h3 Be7 10. d4 Qc7 11. a3 O-O 12. O-O Rac8 13. Rac1 Rfd8 14. Rfd1 h6 15.
e4 cxd4 16. Nxd4 Bf8 17. Re1 Nc5 18. Bf3 e5 19. Nf5 g6 20. Ne3 Ne6 21. Bd1 Nd4
22. Qd3 Qd7 23. Ncd5 Nxd5 24. exd5 Nf5 25. Bg4 Rc7 26. Nxf5 gxf5 27. Bxf5 Qe7
28. Re3 Bc8 29. Be4 Bg7 30. Rce1 Rf8 31. Bh7+ Kh8 32. Rf3 b5 33. Bc1 bxc4 34.
bxc4 Qd7 35. Bf5 Qa4 36. Re4 Bxf5 37. Rxf5 Rfc8 38. Bxh6 Rxc4 39. Bxg7+ Kxg7
40. Qg3+ Kf8 41. Qg6 Qd1+ 42. Kh2 Qxd5 43. Rxc4 Rxc4 44. Qf6 Ke8 45. Rh5 Kd7
46. Rh8 Kc6 47. Qd8 e4 48. Re8 Qf5 49. Qa8+ Kb5 50. Qb8+ Ka5 51. Qxd6 Qxf2 52.
Qd5+ Rc5 53. Qxe4 Qd2 54. Qe1 Qxe1 55. Rxe1 Kb5 56. Rf1 f5 57. Rf3 Kc4 58. h4
Kd4 59. Kg3 Ke5 60. Re3+ Kf6 61. Rb3 Rc6 62. a4 Ke5 63. Rb4 Rc3+ 64. Kh2 Rc6
65. Kh3 Rc3+ 66. g3 Ra3 67. h5 Ra1 68. Kg2 Ra2+ 69. Kh3 Ra1 70. Kh4 a5 71. Rb5+
Kf6 72. Rb6+ Ke5 73. Kg5 Rxa4 74. Rb5+ Ke6 75. Rxf5 Ra1 76. g4 a4 77. Ra5 a3
78. Kg6 a2 79. g5 Ke7 80. Ra7+ Kf8 81. h6 Rb1 82. Ra8+ Ke7 83. Rxa2 Kf8 84.
Ra8+ Ke7 85. h7 Rb6+ 86. Kg7 Rb5 87. Kg6 1-0

[Event "Chigorin Memorial"]
[Site "St Petersburg"]
[Date "2015.10.04"]
[Round "2.125"]
[White "Bezstrakhov, Dmitry"]
[Black "Lagashin, Pavel"]
[Result "0-1"]
[WhiteElo "1903"]
[BlackElo "2107"]
[PlyCount "126"]
[EventDate "2015.10.03"]
[EventRounds "9"]
[EventCountry "RUS"]

1. d4 Nf6 2. Nf3 g6 3. Nc3 d5 4. Bf4 Bg7 5. Qd2 Ne4 6. Qd3 Nc6 7. Nb5 e5 8.
Nxe5 Nxe5 9. Bxe5 Bxe5 10. dxe5 c6 11. Nd6+ Nxd6 12. exd6 Qxd6 13. O-O-O Qf4+
14. e3 Qxf2 15. e4 Bg4 16. Qd4 Qxd4 17. Rxd4 Be6 18. exd5 Bxd5 19. Bc4 Bxc4 20.
Rxc4 O-O-O 21. Re1 Rhe8 22. Rce4 Rxe4 23. Rxe4 Kd7 24. g4 Re8 25. Rd4+ Kc7 26.
Rf4 Re7 27. g5 Kd6 28. a4 Ke5 29. Rf6 h6 30. h4 hxg5 31. hxg5 Kd4 32. Kd2 Kc5
33. c3 a5 34. b3 Kb6 35. Kd3 Re5 36. Rxf7 Rxg5 37. Rg7 Rg1 38. Kc4 g5 39. Rg6
g4 40. Rg7 g3 41. Rg6 g2 42. Rg7 Ka6 43. Rg8 Ka7 44. Rg7 Kb6 45. Rg8 Kc7 46.
Rg7+ Kd6 47. Rg6+ Ke5 48. Kc5 Rc1 49. Rg5+ Ke4 50. Rxg2 Rxc3+ 51. Kd6 Rxb3 52.
Rg5 Kd4 53. Rxa5 c5 54. Kc7 c4 55. Ra7 c3 56. Rxb7 Rxb7+ 57. Kxb7 c2 58. a5
c1=Q 59. a6 Qb1+ 60. Ka8 Kc5 61. a7 Kb6 62. Kb8 Kc6+ 63. Ka8 Qb7# 0-1

[Event "Chigorin Memorial"]
[Site "St Petersburg"]
[Date "2015.10.04"]
[Round "2.126"]
[White "Veselov, Andrey"]
[Black "Ivanov, Artem"]
[Result "1-0"]
[WhiteElo "2105"]
[BlackElo "1898"]
[PlyCount "71"]
[EventDate "2015.10.03"]
[EventRounds "9"]
[EventCountry "RUS"]

1. d4 Nf6 2. c4 e6 3. g3 c5 4. Nf3 cxd4 5. Nxd4 Nc6 6. Bg2 Bb4+ 7. Nc3 O-O 8.
O-O Bc5 9. Nc2 Re8 10. a3 Bf8 11. Bf4 e5 12. Bg5 h6 13. Bxf6 Qxf6 14. Nd5 Qd8
15. b4 d6 16. Qd3 Rb8 17. Rfd1 Be6 18. b5 Na5 19. Ncb4 Qc8 20. Rac1 Qc5 21. Qc3
Qc8 22. Na2 Qd8 23. Qe3 Be7 24. h4 a6 25. Nab4 axb5 26. cxb5 Rc8 27. Rxc8 Qxc8
28. Rc1 Qb8 29. a4 Bf8 30. Nc7 Rc8 31. Nxe6 fxe6 32. Bh3 Kf7 33. Qf3+ Ke7 34.
Nd5+ Ke8 35. Rxc8+ Qxc8 36. Bxe6 1-0

[Event "Chigorin Memorial"]
[Site "St Petersburg"]
[Date "2015.10.04"]
[Round "2.127"]
[White "Polozhentsev, Maksim"]
[Black "Protopopova, Anastasiya"]
[Result "0-1"]
[WhiteElo "1897"]
[BlackElo "2102"]
[PlyCount "86"]
[EventDate "2015.10.03"]
[EventRounds "9"]
[EventCountry "RUS"]

1. d4 Nf6 2. c4 e6 3. Nc3 Bb4 4. e3 O-O 5. Bd3 c5 6. Nf3 Nc6 7. O-O d6 8. Qc2
e5 9. d5 Ne7 10. Nd2 Bxc3 11. bxc3 g6 12. f4 exf4 13. Rxf4 Ng4 14. Nf3 f5 15.
h3 Nf6 16. Nh2 Kg7 17. Bd2 b5 18. cxb5 Nexd5 19. Rf2 Re8 20. Nf1 Ne4 21. Bxe4
Rxe4 22. c4 Nb6 23. Rf4 Bb7 24. Ng3 Re6 25. Bc3+ Kg8 26. Nxf5 gxf5 27. Qxf5 Qe8
28. Bf6 Be4 29. Rg4+ Kf8 30. Bg7+ Ke7 31. Rxe4 Kd7 32. Bf6 Qf7 33. Rxe6 Qxe6
34. Qxh7+ Kc8 35. Qh8+ Kc7 36. Qg7+ Nd7 37. Rf1 Rg8 38. Qh6 Qxc4 39. Qf4 Qxa2
40. g4 Rf8 41. g5 Nxf6 42. Rd1 Qe6 43. gxf6 Rxf6 0-1

[Event "Chigorin Memorial"]
[Site "St Petersburg"]
[Date "2015.10.04"]
[Round "2.128"]
[White "Grinblat, Artemiy"]
[Black "Rovnov, Vladislav"]
[Result "1-0"]
[WhiteElo "2099"]
[BlackElo "1895"]
[PlyCount "63"]
[EventDate "2015.10.03"]
[EventRounds "9"]
[EventCountry "RUS"]

1. e4 e6 2. d4 d5 3. Nc3 Bb4 4. e5 Ne7 5. a3 Bxc3+ 6. bxc3 c5 7. h4 Qc7 8. h5
cxd4 9. cxd4 Qc3+ 10. Bd2 Qxd4 11. Nf3 Qe4+ 12. Be2 Nf5 13. Kf1 O-O 14. Bd3 Qg4
15. h6 g6 16. Qc1 b6 17. Bf4 Ba6 18. Rh3 Ne7 19. Bxa6 Nxa6 20. Rh4 Qf5 21. Nd4
Qe4 22. Bg3 Qxh4 23. Bxh4 Nf5 24. Nxf5 exf5 25. Be7 Rfe8 26. Bd6 Nc5 27. Bxc5
bxc5 28. f4 Rac8 29. Rb1 Rc7 30. Rb5 d4 31. Qb2 Rd8 32. Rb8 1-0

[Event "Chigorin Memorial"]
[Site "St Petersburg"]
[Date "2015.10.04"]
[Round "2.130"]
[White "Khusenkhojaev, Mustafokhuja"]
[Black "Slugin, Yaroslav"]
[Result "1/2-1/2"]
[WhiteElo "2092"]
[BlackElo "1895"]
[PlyCount "127"]
[EventDate "2015.10.03"]
[EventRounds "9"]
[EventCountry "RUS"]

1. d4 b5 2. Nf3 a6 3. g3 Bb7 4. Bg2 e6 5. O-O c5 6. c3 Nf6 7. b3 Be7 8. Re1 O-O
9. Nbd2 d6 10. e4 Nbd7 11. Bb2 Rc8 12. e5 dxe5 13. dxe5 Nd5 14. Qe2 N7b6 15. c4
bxc4 16. bxc4 Nb4 17. Red1 Qc7 18. a3 Nc6 19. Ne4 Rfd8 20. Qc2 h6 21. g4 Na5
22. Nd6 Rb8 23. Nxb7 Rxb7 24. Rxd8+ Qxd8 25. Rd1 Rd7 26. Rxd7 Qxd7 27. Nd2 Bg5
28. Ne4 Naxc4 29. Nxc5 Qb5 30. Nb3 Nxb2 31. Qxb2 Nc4 32. Qc3 Nxe5 33. h3 Bf6
34. Qc8+ Kh7 35. Qc2+ g6 36. Nc5 Qa5 37. Ne4 Bg7 38. a4 Qb4 39. g5 h5 40. Qc7
Qxa4 41. Nf6+ Bxf6 42. gxf6 Qf4 43. Qe7 a5 44. Bc6 Kh6 45. Be8 Kg5 46. Bxf7
Qxf6 47. f4+ Kf5 48. Bxe6+ Qxe6 49. Qg5+ Ke4 50. fxe5 Qxe5 51. Qxg6+ Kf4 52.
Qf7+ Kg3 53. Qb3+ Kh4 54. Kg2 Qe2+ 55. Kg1 Qe1+ 56. Kg2 Qe4+ 57. Kh2 Qf4+ 58.
Kg2 Qd2+ 59. Kg1 Qb4 60. Qe3 a4 61. Kg2 Qb2+ 62. Kg1 a3 63. Qf4+ Kxh3 64. Qf3+
1/2-1/2

[Event "Chigorin Memorial"]
[Site "St Petersburg"]
[Date "2015.10.04"]
[Round "2.131"]
[White "Zajtzeva, Viktoria"]
[Black "Trapeznikova, Darya"]
[Result "1/2-1/2"]
[WhiteElo "1891"]
[BlackElo "2092"]
[PlyCount "113"]
[EventDate "2015.10.03"]
[EventRounds "9"]
[EventCountry "RUS"]

1. Nf3 d5 2. g3 c6 3. Bg2 Bg4 4. O-O Nd7 5. d3 Ngf6 6. Nbd2 e5 7. e4 Bd6 8. h3
Bh5 9. Re1 O-O 10. Nf1 Re8 11. g4 Bg6 12. Ng3 Nc5 13. Nh2 h6 14. h4 d4 15. g5
hxg5 16. Bxg5 Ne6 17. Qd2 Be7 18. Nf3 Nd7 19. Bh3 Bxg5 20. Nxg5 Nf4 21. Bf5 Nf8
22. Ne2 Nh5 23. Ng3 Bxf5 24. exf5 Nf4 25. Qd1 Nh7 26. N3e4 Nxg5 27. Nxg5 Qc8
28. Qg4 Qd8 29. Ne4 Nd5 30. Kh1 Nf6 31. Nxf6+ Qxf6 32. Rg1 Qh6 33. Rae1 Re7 34.
Qg5 Qxg5 35. Rxg5 f6 36. Rg6 Kh7 37. f3 c5 38. Reg1 b5 39. h5 Rf8 40. h6 gxh6
41. R1g3 Kh8 42. Rxh6+ Rh7 43. Rxh7+ Kxh7 44. Rg6 Rf7 45. Kh2 a5 46. b3 a4 47.
bxa4 bxa4 48. a3 c4 49. dxc4 Rc7 50. Rxf6 Rxc4 51. Kg3 Rxc2 52. Kg4 Rc4 53. Kg5
d3 54. Rh6+ Kg8 55. Rg6+ Kf7 56. Rf6+ Kg8 57. Rg6+ 1/2-1/2

[Event "Chigorin Memorial"]
[Site "St Petersburg"]
[Date "2015.10.04"]
[Round "2.132"]
[White "Rivonenko, Vladislav"]
[Black "Glukhov, Dmitriy"]
[Result "1-0"]
[WhiteElo "2090"]
[BlackElo "1893"]
[PlyCount "143"]
[EventDate "2015.10.03"]
[EventRounds "9"]
[EventCountry "RUS"]

1. e4 c5 2. Nf3 d6 3. d4 cxd4 4. Qxd4 Nc6 5. Bb5 Bd7 6. Bxc6 Bxc6 7. Nc3 Nf6 8.
Bg5 e6 9. O-O-O Be7 10. Qd3 a6 11. Nd4 O-O 12. f4 Qc7 13. Kb1 Rfd8 14. h4 b5
15. Nxc6 Qxc6 16. g4 b4 17. Bxf6 Bxf6 18. Ne2 a5 19. g5 Be7 20. Nd4 Qa6 21. Qb3
d5 22. e5 a4 23. Qd3 Qxd3 24. Rxd3 Rdc8 25. f5 Ra6 26. g6 hxg6 27. fxg6 f6 28.
Re1 fxe5 29. Rxe5 Bxh4 30. Rxe6 Rxe6 31. Nxe6 Re8 32. Re3 Bg5 33. Re2 Bf6 34.
Kc1 Re7 35. b3 a3 36. Kd2 Bc3+ 37. Kd3 Re8 38. Nf4 Rd8 39. Re7 Kf8 40. Rf7+ Ke8
41. Rf5 Rd6 42. Rxd5 Rf6 43. Ke4 Bb2 44. Rb5 Rc6 45. Rxb4 Rxc2 46. Rc4 Rh2 47.
Ra4 Rh1 48. Nd5 Ra1 49. Nb4 Bc3 50. Nc2 Rxa2 51. Nxa3 Bb2 52. Nc4 Rxa4 53. bxa4
Bc3 54. Kd5 Ke7 55. Nd6 Bb4 56. Ne4 Ba5 57. Ke5 Bc7+ 58. Kf5 Ba5 59. Nc5 Bc3
60. Nb7 Kd7 61. a5 Kc7 62. a6 Kb6 63. Ke6 Kxa6 64. Nd6 Kb6 65. Kf7 Kc6 66. Nf5
Kd7 67. Nxg7 Kc8 68. Nh5 Bh8 69. Ng7 Kd7 70. Kg8 Ke7 71. Kxh8 Kf6 72. Kh7 1-0

[Event "Chigorin Memorial"]
[Site "St Petersburg"]
[Date "2015.10.04"]
[Round "2.133"]
[White "Martynov, Petr"]
[Black "Yakimenko, Alexander A"]
[Result "1/2-1/2"]
[WhiteElo "1889"]
[BlackElo "2090"]
[PlyCount "81"]
[EventDate "2015.10.03"]
[EventRounds "9"]
[EventCountry "RUS"]

1. e4 e5 2. Nf3 Nc6 3. Bb5 a6 4. Ba4 d6 5. c3 g6 6. d4 Bd7 7. O-O Bg7 8. Re1 b5
9. Bb3 Na5 10. Bc2 Ne7 11. Bg5 h6 12. Bh4 g5 13. Bg3 Ng6 14. h3 Qe7 15. a4 O-O
16. Nbd2 h5 17. Nf1 g4 18. hxg4 h4 19. Bh2 Bxg4 20. Ne3 Be6 21. Nf5 Qf6 22. Nd2
Nc4 23. Nxc4 bxc4 24. Qh5 Rab8 25. Rab1 Rfe8 26. dxe5 dxe5 27. Re3 Bxf5 28.
exf5 Nf4 29. Qg4 Kf8 30. Bxf4 exf4 31. Qxf4 Rxe3 32. Qxe3 Qe5 33. Qxe5 Bxe5 34.
b3 cxb3 35. Rxb3 Rxb3 36. Bxb3 Bxc3 37. Bc4 a5 38. g3 Bf6 39. Kg2 hxg3 40. fxg3
Bg5 41. Kf3 1/2-1/2

[Event "Chigorin Memorial"]
[Site "St Petersburg"]
[Date "2015.10.04"]
[Round "2.134"]
[White "Kopylov, Yuriy"]
[Black "Mirzaeva, Gulnara"]
[Result "1-0"]
[WhiteElo "2088"]
[BlackElo "1890"]
[PlyCount "95"]
[EventDate "2015.10.03"]
[EventRounds "9"]
[EventCountry "RUS"]

1. e4 c5 2. c3 Nf6 3. e5 Nd5 4. d4 cxd4 5. Nf3 Nc6 6. Bc4 Nb6 7. Bb3 d5 8. exd6
Qxd6 9. Qe2 d3 10. Qe3 Bf5 11. O-O e6 12. Nh4 Bg4 13. Qe4 Be2 14. Bf4 Qe7 15.
Nf3 Bxf1 16. Kxf1 Qc5 17. Ng5 Be7 18. Nxf7 Kxf7 19. Qxe6+ Ke8 20. Nd2 Nd8 21.
Qg4 g6 22. Re1 Qf5 23. Qh4 Nc6 24. Bg5 Kd7 25. Bxe7 g5 26. Qh6 Qg6 27. Qh3+ g4
28. Qh4 Rae8 29. Be6+ Qxe6 30. Rxe6 Kxe6 31. Bf6 Rhg8 32. Ne4 Kd5 33. f3 Rg6
34. Qxh7 d2 35. c4+ Ke6 36. Ke2 gxf3+ 37. gxf3 Rg2+ 38. Kd1 Nxc4 39. Qh3+ Kf7
40. Qh5+ Kf8 41. Qc5+ Ne7 42. Qxc4 Rd8 43. Qc5 Rd7 44. Bxe7+ Rxe7 45. Nxd2 Rxh2
46. Nc4 Kf7 47. Qf5+ Kg7 48. Qg5+ 1-0

[Event "Chigorin Memorial"]
[Site "St Petersburg"]
[Date "2015.10.04"]
[Round "2.135"]
[White "Aseev, Vladimir"]
[Black "Efimenko, Aleksandr"]
[Result "1-0"]
[WhiteElo "2087"]
[BlackElo "1871"]
[PlyCount "81"]
[EventDate "2015.10.03"]
[EventRounds "9"]
[EventCountry "RUS"]

1. d4 d5 2. c4 e6 3. Nc3 c6 4. cxd5 exd5 5. Nf3 Bf5 6. Bg5 Be7 7. Bxe7 Nxe7 8.
e3 Nd7 9. Be2 O-O 10. Nh4 Bg6 11. Nxg6 Nxg6 12. h4 f5 13. h5 Nh8 14. Qc2 Qg5
15. Bd3 Rac8 16. O-O-O Nb6 17. g4 Nf7 18. Bxf5 Rc7 19. Nb5 Re7 20. f4 Qf6 21.
Bxh7+ Kh8 22. g5 Qe6 23. Na3 Qxe3+ 24. Kb1 Nxg5 25. fxg5 Rf2 26. Qd3 Qxg5 27.
Rde1 Nd7 28. Rxe7 Qxe7 29. Nc2 Nf6 30. Re1 Qd6 31. Bg6 b6 32. Qc3 Rf4 33. a3 c5
34. Ka2 a5 35. Qg3 Ne4 36. Qe3 Nf6 37. Qh3 Qc7 38. Qe6 Nd7 39. Qxd5 b5 40. Re8+
Nf8 41. Qxc5 1-0

[Event "Chigorin Memorial"]
[Site "St Petersburg"]
[Date "2015.10.04"]
[Round "2.136"]
[White "Kiseleva, Ekaterina"]
[Black "Ioffe, Ilya"]
[Result "0-1"]
[WhiteElo "1859"]
[BlackElo "2087"]
[PlyCount "66"]
[EventDate "2015.10.03"]
[EventRounds "9"]
[EventCountry "RUS"]

1. e4 e5 2. Nf3 Nc6 3. Bb5 a6 4. Ba4 Nf6 5. O-O Be7 6. Re1 b5 7. Bb3 O-O 8. c3
d5 9. exd5 Nxd5 10. d4 exd4 11. Nxd4 Nxd4 12. Qxd4 Bb7 13. Bc2 Re8 14. Qd3 Nf6
15. Bg5 Qxd3 16. Bxd3 Bc5 17. Nd2 Ng4 18. Bh4 Bb6 19. Bf5 Ne5 20. Kf1 Bd5 21.
b3 f6 22. Bg3 Ng6 23. Rac1 Rxe1+ 24. Rxe1 Rd8 25. f3 Kf7 26. c4 Bc6 27. Be6+
Kf8 28. Re2 Ba5 29. Ke1 h5 30. h3 Ne7 31. b4 Bxb4 32. Bxc7 Rd4 33. Bb6 Rd6 0-1

[Event "Chigorin Memorial"]
[Site "St Petersburg"]
[Date "2015.10.04"]
[Round "2.137"]
[White "Soldatov, Arnold"]
[Black "Zhemchuzhina, Elizaveta"]
[Result "1-0"]
[WhiteElo "2085"]
[BlackElo "1857"]
[PlyCount "57"]
[EventDate "2015.10.03"]
[EventRounds "9"]
[EventCountry "RUS"]

1. d4 d5 2. Nf3 e6 3. c4 c5 4. cxd5 exd5 5. Nc3 Nc6 6. Bg5 Be7 7. Bxe7 Ngxe7 8.
dxc5 Qa5 9. e3 Qxc5 10. Bd3 h6 11. h3 O-O 12. O-O Rd8 13. Rc1 Qa5 14. a3 Bf5
15. Qe2 d4 16. exd4 Nxd4 17. Nxd4 Rxd4 18. Bxf5 Nxf5 19. Rcd1 Rad8 20. g4 Rxd1
21. Rxd1 Nh4 22. Nd5 Ng6 23. b4 Qxd5 24. Rxd5 Rxd5 25. Qe8+ Nf8 26. Qb8 Rd3 27.
Qxa7 Rxh3 28. a4 Ra3 29. a5 1-0

[Event "Chigorin Memorial"]
[Site "St Petersburg"]
[Date "2015.10.04"]
[Round "2.138"]
[White "Zemnitskiy, Alexander"]
[Black "Chekletsov, Egor"]
[Result "1/2-1/2"]
[WhiteElo "1856"]
[BlackElo "2082"]
[PlyCount "93"]
[EventDate "2015.10.03"]
[EventRounds "9"]
[EventCountry "RUS"]

1. e4 c5 2. Nf3 e6 3. d4 cxd4 4. Nxd4 a6 5. Bd3 Qc7 6. O-O Nf6 7. Be3 b5 8. f4
d6 9. a4 b4 10. c3 Bb7 11. cxb4 Bxe4 12. Bxe4 Nxe4 13. Nd2 Nxd2 14. Qxd2 Be7
15. b5 Qb7 16. Rfc1 O-O 17. b6 Bd8 18. a5 Nd7 19. Nc6 Bf6 20. Rab1 d5 21. Bd4
Rac8 22. Bxf6 Nxf6 23. Qc2 h6 24. b4 Ne4 25. b5 axb5 26. Rxb5 Nd6 27. Rb4 Nc4
28. Rxc4 dxc4 29. Qxc4 Rfd8 30. Nxd8 Rxc4 31. Rxc4 Qd5 32. b7 Qd1+ 33. Kf2 Qd2+
34. Kf3 Qd3+ 35. Kg4 Qf5+ 36. Kg3 Qd3+ 37. Kf2 Qd2+ 38. Kf1 Qd1+ 39. Kf2 Qd2+
40. Kg3 Qd3+ 41. Kg4 Qf5+ 42. Kh4 g5+ 43. fxg5 hxg5+ 44. Kh5 Qg6+ 45. Kg4 Qf5+
46. Kg3 Qd3+ 47. Kf2 1/2-1/2

[Event "Chigorin Memorial"]
[Site "St Petersburg"]
[Date "2015.10.04"]
[Round "2.139"]
[White "Kakadzhanov, Timur"]
[Black "Kochetkov, Victor N"]
[Result "1-0"]
[WhiteElo "2082"]
[BlackElo "1853"]
[PlyCount "107"]
[EventDate "2015.10.03"]
[EventRounds "9"]
[EventCountry "RUS"]

1. d4 a6 2. e4 d6 3. Nf3 c6 4. c3 h6 5. Bd3 Nd7 6. O-O e5 7. Nbd2 Ngf6 8. Ne1
Be7 9. f4 Qc7 10. Ndf3 b5 11. b4 O-O 12. Nc2 Re8 13. Ne3 Bf8 14. dxe5 dxe5 15.
f5 Bb7 16. a3 c5 17. Nd2 cxb4 18. cxb4 Qc3 19. Qc2 Qd4 20. Nb3 Qb6 21. Kh1 Rac8
22. Qb1 Rc7 23. Bd2 Rec8 24. Re1 Qd6 25. Ra2 Nh5 26. Ng4 Be7 27. Be3 Bg5 28.
Bxg5 hxg5 29. Rd2 Qb6 30. Qb2 f6 31. Na5 g6 32. fxg6 Kg7 33. Bb1 Kxg6 34. Red1
Nf8 35. Nxe5+ Kg7 36. Nf3 Qe3 37. Nxb7 Rxb7 38. Rd3 Qf4 39. e5 Rbc7 40. Rd4 Qe3
41. exf6+ Nxf6 42. R4d3 Qf4 43. Nxg5 Rc1 44. Nf3 R8c3 45. Qe2 Rxd1+ 46. Rxd1
Re3 47. Qb2 Kh6 48. Rf1 N8d7 49. g3 Qc4 50. Qg2 Qe2 51. Qh3+ Kg7 52. Nd4 Qg4
53. Nf5+ Kg8 54. Ba2+ 1-0

[Event "Chigorin Memorial"]
[Site "St Petersburg"]
[Date "2015.10.04"]
[Round "2.140"]
[White "Vorobyova, Valeriya"]
[Black "Palin, Denis"]
[Result "0-1"]
[WhiteElo "1850"]
[BlackElo "2081"]
[PlyCount "46"]
[EventDate "2015.10.03"]
[EventRounds "9"]
[EventCountry "RUS"]

1. e4 e6 2. d4 d5 3. Nc3 dxe4 4. Nxe4 Nd7 5. Nf3 Ngf6 6. Nxf6+ Nxf6 7. Bd3 c5
8. Be3 Qc7 9. Qe2 Be7 10. O-O-O O-O 11. Kb1 b6 12. Ng5 Bb7 13. h4 Bd5 14. c4
Bc6 15. Bc2 Rfd8 16. Qd3 cxd4 17. Bxd4 e5 18. Qg3 Bd6 19. Bc3 e4 20. Rxd6 Qxd6
21. Be5 Qe7 22. h5 h6 23. Bxe4 Nxe4 0-1

[Event "Chigorin Memorial"]
[Site "St Petersburg"]
[Date "2015.10.04"]
[Round "2.141"]
[White "Sorokopudov, Vladimir M"]
[Black "Kashin, Yury"]
[Result "1-0"]
[WhiteElo "2078"]
[BlackElo "1848"]
[PlyCount "93"]
[EventDate "2015.10.03"]
[EventRounds "9"]
[EventCountry "RUS"]

1. d4 e6 2. e4 d5 3. e5 c5 4. c3 Nc6 5. Nf3 Bd7 6. Be2 Rc8 7. O-O Nge7 8. a3
Ng6 9. b4 b6 10. Bd3 Be7 11. Be3 c4 12. Bc2 O-O 13. Nbd2 Be8 14. g3 f6 15. exf6
Bxf6 16. Rc1 e5 17. Bf5 Rc7 18. dxe5 Bxe5 19. Bb1 Bf6 20. Ne1 Re7 21. Ndf3 h6
22. b5 Nce5 23. Nd4 Bd7 24. Nf5 Bxb5 25. Nxe7+ Nxe7 26. f4 Nd7 27. Nf3 Nc5 28.
Bxc5 bxc5 29. Qc2 g6 30. Ne5 Be8 31. Qe2 Kg7 32. Rfd1 Qc8 33. Ng4 Qc6 34. Re1
Ng8 35. h4 Bd7 36. Ne5 Bxe5 37. Qxe5+ Rf6 38. Rcd1 Be6 39. g4 Kf7 40. g5 Rf5
41. Bxf5 gxf5 42. h5 hxg5 43. fxg5 d4 44. cxd4 cxd4 45. Rxd4 Qb6 46. h6 Bd7 47.
Qg7# 1-0

[Event "Chigorin Memorial"]
[Site "St Petersburg"]
[Date "2015.10.04"]
[Round "2.142"]
[White "Belkina, Yulia"]
[Black "Sergeeva, Natalia"]
[Result "1/2-1/2"]
[WhiteElo "1847"]
[BlackElo "2077"]
[PlyCount "82"]
[EventDate "2015.10.03"]
[EventRounds "9"]
[EventCountry "RUS"]

1. e4 c6 2. d4 d5 3. e5 Bf5 4. f4 h5 5. Bd3 Bg4 6. Be2 Nh6 7. c3 e6 8. Nf3 c5
9. Be3 Qb6 10. Qb3 Qxb3 11. axb3 Bxf3 12. Bxf3 Nf5 13. Bf2 cxd4 14. c4 Bb4+ 15.
Ke2 Nc6 16. cxd5 exd5 17. Bxd5 O-O 18. Rd1 Rfd8 19. Be4 Nfe7 20. Na3 Nd5 21.
Kf3 Nde7 22. Nb5 Bc5 23. Rac1 Bb6 24. Nd6 Na5 25. Nxb7 Nxb7 26. Bxb7 Rab8 27.
Ba6 Nd5 28. Bxd4 Nxf4 29. Bxb6 Rxd1 30. Rxd1 Rxb6 31. Rd8+ Kh7 32. Rd6 Ne6 33.
Bc4 Rb7 34. Rd5 Kh6 35. h4 g5 36. g3 gxh4 37. gxh4 Kg7 38. Ke4 Nf8 39. e6 Nxe6
40. Rxh5 Re7 41. Re5 Kf6 1/2-1/2

[Event "Chigorin Memorial"]
[Site "St Petersburg"]
[Date "2015.10.04"]
[Round "2.143"]
[White "Sergeyev, Dmitriy"]
[Black "Chechetko, Georgy"]
[Result "1-0"]
[WhiteElo "2077"]
[BlackElo "1827"]
[PlyCount "101"]
[EventDate "2015.10.03"]
[EventRounds "9"]
[EventCountry "RUS"]

1. e4 c5 2. Nf3 d6 3. Bb5+ Bd7 4. Bxd7+ Nxd7 5. Nc3 Ngf6 6. d3 g6 7. Bf4 Bg7 8.
Qd2 O-O 9. Bh6 Qa5 10. O-O a6 11. Nd5 Qd8 12. Bxg7 Kxg7 13. Nxf6 Nxf6 14. Nh4
e5 15. f4 Nh5 16. g3 exf4 17. g4 Qxh4 18. gxh5 g5 19. Qg2 Kh8 20. Qf3 Rae8 21.
Rf2 f5 22. exf5 Rxf5 23. Qxb7 Qxh5 24. Raf1 Rfe5 25. Qxa6 Re2 26. Rxe2 Rxe2 27.
Qc8+ Re8 28. Qf5 Qh6 29. a4 Qe6 30. Qxe6 Rxe6 31. a5 d5 32. Ra1 Ra6 33. c3 c4
34. dxc4 dxc4 35. Kf2 Kg7 36. Kf3 Kf6 37. Ke4 h6 38. Kd5 Kf5 39. Kxc4 Ke4 40.
b4 f3 41. b5 Ra8 42. b6 f2 43. Kb5 Kf3 44. b7 Re8 45. Rf1 Kg2 46. Rxf2+ Kxf2
47. a6 Kg2 48. a7 Kxh2 49. b8=Q+ Rxb8+ 50. axb8=Q+ Kh3 51. Qh8 1-0

[Event "Chigorin Memorial"]
[Site "St Petersburg"]
[Date "2015.10.04"]
[Round "2.144"]
[White "Glazov, Anatoly"]
[Black "Nasibullin, Iskander"]
[Result "0-1"]
[WhiteElo "1827"]
[BlackElo "2075"]
[PlyCount "86"]
[EventDate "2015.10.03"]
[EventRounds "9"]
[EventCountry "RUS"]

1. e4 c5 2. Nf3 e6 3. d4 cxd4 4. Nxd4 Nf6 5. Nc3 d6 6. Bg5 Be7 7. Ndb5 O-O 8.
Bxf6 Bxf6 9. Qxd6 a6 10. Qxd8 Rxd8 11. Na3 b5 12. Nd1 Bb7 13. Bd3 Nd7 14. Ke2
Nc5 15. f3 Rd7 16. Rb1 Rad8 17. Nf2 Bd4 18. Nh3 Na4 19. Nxb5 Bxb2 20. Kf2 Rxd3
21. cxd3 axb5 22. Ke3 Ba6 23. Nf4 b4 24. h4 h6 25. h5 Bc3 26. Rb3 Nc5 27. Rbb1
Nxd3 28. Nxd3 Rxd3+ 29. Kf4 Rd2 30. a3 Rxg2 31. e5 Bd2+ 32. Ke4 Re2+ 33. Kd4
Be3+ 34. Ke4 Bc5+ 35. Kf4 bxa3 36. Rb8+ Kh7 37. Ra8 Bd3 38. Ra5 Bb4 39. Ra7 Bc3
40. Rxf7 Bxe5+ 41. Kg4 Kg8 42. Ra7 Bf5+ 43. Kh4 Rg2 0-1

[Event "Chigorin Memorial"]
[Site "St Petersburg"]
[Date "2015.10.04"]
[Round "2.145"]
[White "Kuznetsov, Felix"]
[Black "Gantsevich, Dmitry"]
[Result "1-0"]
[WhiteElo "2074"]
[BlackElo "1818"]
[PlyCount "51"]
[EventDate "2015.10.03"]
[EventRounds "9"]
[EventCountry "RUS"]

1. e4 c5 2. Nf3 d6 3. d4 cxd4 4. c3 dxc3 5. Nxc3 Nc6 6. Bc4 Nf6 7. e5 dxe5 8.
Qxd8+ Nxd8 9. Nb5 Rb8 10. Nxe5 e6 11. Bf4 Bb4+ 12. Kf1 a6 13. Nd3 axb5 14.
Bxb5+ Bd7 15. Bxd7+ Nxd7 16. Bxb8 Be7 17. Bf4 O-O 18. Rc1 Nc6 19. g3 Ra8 20. a3
Bf6 21. Kg2 e5 22. Be3 e4 23. Nc5 Nxc5 24. Bxc5 Bxb2 25. Rb1 Bxa3 26. Ra1 1-0

[Event "Chigorin Memorial"]
[Site "St Petersburg"]
[Date "2015.10.04"]
[Round "2.147"]
[White "Montolio Benedicto, Cesar"]
[Black "Nikitinyh, Boris"]
[Result "0-1"]
[WhiteElo "1816"]
[BlackElo "2065"]
[PlyCount "34"]
[EventDate "2015.10.03"]
[EventRounds "9"]
[EventCountry "RUS"]

1. e4 c6 2. d4 d5 3. Nd2 dxe4 4. Nxe4 Bf5 5. Ng3 Bg6 6. Nf3 Nd7 7. h4 h6 8. h5
Bh7 9. Bd3 Bxd3 10. Qxd3 Qb6 11. Qb3 e6 12. Bf4 Ngf6 13. O-O-O Qxb3 14. axb3
Be7 15. Nd2 Nd5 16. Be3 O-O 17. Nde4 f5 0-1

[Event "Chigorin Memorial"]
[Site "St Petersburg"]
[Date "2015.10.04"]
[Round "2.148"]
[White "Egorov, Daniil"]
[Black "Levin, Evgeny"]
[Result "1-0"]
[WhiteElo "2064"]
[BlackElo "1813"]
[PlyCount "73"]
[EventDate "2015.10.03"]
[EventRounds "9"]
[EventCountry "RUS"]

1. e4 e6 2. d4 d5 3. Nc3 dxe4 4. Nxe4 Nd7 5. Nf3 Ngf6 6. Bd3 h6 7. Qe2 Be7 8.
Bd2 Nxe4 9. Bxe4 Nf6 10. Bxb7 Bxb7 11. Qb5+ Qd7 12. Qxb7 O-O 13. Qa6 Qd5 14.
O-O Qf5 15. c3 Bd6 16. Qe2 Qh5 17. Rfe1 Rab8 18. b3 c5 19. dxc5 Qxc5 20. c4
Rbd8 21. Bc3 Qf5 22. Rad1 Rfe8 23. Nd4 Qg6 24. Nc6 Rd7 25. Bxf6 Qxf6 26. c5 Rc8
27. Ne5 Bxe5 28. Rxd7 Bb8 29. Qd3 g6 30. Qd4 Qg5 31. h4 Qf4 32. Qxf4 Bxf4 33.
Re4 Bc7 34. b4 e5 35. b5 f6 36. Rc4 f5 37. b6 1-0